| Tag |
First Indicator |
Second Indicator |
Subfields |
| LEADER |
00000cam a2200000 4500 |
| 001 |
in00000282992 |
| 005 |
20151010090935.0 |
| 008 |
690424r19681598ne a 00000 eng |
| 010 |
|
|
|a 68027480
|
| 035 |
|
|
|a (OCoLC)00001744
|
| 035 |
|
|
|9 ABG5001AM
|
| 040 |
|
|
|a DLC
|c DLC
|d TXA
|d UtOrBLW
|
| 049 |
|
|
|a TXAM
|c [484282]
|
| 050 |
0 |
0 |
|a DS411.1
|b .G4 1968
|
| 082 |
0 |
|
|a 919.1
|
| 100 |
1 |
|
|a Gerritsz, Cornelis.
|
| 245 |
1 |
3 |
|a An addition to the sea journal of the Hollanders unto Iava /
|c London, 1598.
|
| 264 |
|
1 |
|a Amsterdam :
|b Theatrum Orbis Terrarum;
|a New York :
|b Da Capo Press,
|c 1968.
|
| 300 |
|
|
|a 47 unnumbered pages :
|b illustrations ;
|c 23 cm.
|
| 336 |
|
|
|a text
|b txt
|2 rdacontent
|
| 337 |
|
|
|a unmediated
|b n
|2 rdamedia
|
| 338 |
|
|
|a volume
|b nc
|2 rdacarrier
|
| 490 |
1 |
|
|a English experience, its record in early printed books published in facsimile,
|v no. 2
|
| 500 |
|
|
|a Cover title: Sea iournal of the Hollanders unto Iava.
|
| 500 |
|
|
|a Reproduction of the copy in the W. A. Engelbrecht Collection of the Maritiem Museum Prins Hendrik.
|
| 651 |
|
0 |
|a Indonesia
|x Discovery and exploration.
|
| 740 |
0 |
|
|a Sea iournal of the Hollanders unto Iava.
|
| 830 |
|
0 |
|a English experience, its record in early printed books published in facsimile ;
|v no. 2.
|
| 999 |
|
|
|a MARS
|
| 999 |
f |
f |
|s ed04be91-dafe-3fae-9e27-5795d410001b
|i 3cc5139e-3255-3068-ae14-52961ab1ce39
|t 0
|
| 952 |
f |
f |
|p ric
|a Texas A&M University
|b Rellis Campus
|c Joint Library Facility
|d Remote Storage
|t 0
|e DS411.1 .G4 1968
|h Library of Congress classification
|i unmediated -- volume
|m A14802044073
|
| 998 |
f |
f |
|a DS411.1 .G4 1968
|t 0
|l Remote Storage
|